| 000 | 00467nam a2200181Ia 4500 | ||
|---|---|---|---|
| 001 | 12964 | ||
| 005 | 20260306163019.0 | ||
| 008 | 260306t2005||||xx |||||||||||||| ||spa|| | ||
| 041 | _aESP | ||
| 082 |
_aRD 480.3 _bP11 |
||
| 100 |
_aPabón S. de Urbina, José M. _eAUT |
||
| 245 | 0 |
_aDiccionario manual griego: _bgriego clásico-español |
|
| 260 | _c2005 | ||
| 300 |
_axvi, 711 páginas : _c20 cm. |
||
| 650 | _aGEN | ||
| 654 | _aCHU | ||
| 942 |
_cDIC _dJUS _fJUS _2ddc _n |
||
| 999 |
_c12964 _d12964 |
||